Werke / 3 Über das Altern : Revolte und Resignation
| Main Author: | |
|---|---|
| Contributors: | |
| Format: | Print Book |
| Language: | German |
| Published: |
Stuttgart
Klett-Cotta
2005
|
| In: |
Werke
Year: 2005 |
| Online Access: |
Cover |
| Availability in Tübingen: | Present in Tübingen. UB: 47 A 4187-3 |
| Check availability: | HBZ Gateway |
| Subito Delivery Service: | Order now. |
MARC
| LEADER | 00000cam a2200000 cc4500 | ||
|---|---|---|---|
| 001 | 1186929510 | ||
| 003 | DE-627 | ||
| 005 | 20250612073653.0 | ||
| 007 | tu | ||
| 008 | 050412s2005 gw ||||| 00| ||ger c | ||
| 020 | |a 3608935630 |9 3-608-93563-0 | ||
| 024 | 3 | |a 9783608935639 | |
| 035 | |a (DE-627)1186929510 | ||
| 035 | |a (DE-576)116929510 | ||
| 035 | |a (DE-599)BSZ116929510 | ||
| 035 | |a (OCoLC)314841293 | ||
| 040 | |a DE-627 |b ger |c DE-627 |e rakwb | ||
| 041 | |a ger | ||
| 044 | |c XA-DE-BW | ||
| 084 | |a GN 2693 |2 rvk |0 (DE-625)rvk/42506:11633 | ||
| 090 | |a a | ||
| 100 | 1 | |a Améry, Jean |d 1912-1978 |0 (DE-588)118502549 |0 (DE-627)220539618 |0 (DE-576)160070414 |4 aut | |
| 109 | |a Maier, Hans 1912-1978 |a Frühwirth, Peter 1912-1978 |a Marain, Claude 1912-1978 |a Mayer, Hanns 1912-1978 |a Meray, H. 1912-1978 |a Maier, Chaim 1912-1978 |a Améry, Hanns 1912-1978 |a Ameri, Zʹian 1912-1978 |a Amerī, Jan 1912-1978 |a Mayer, Hans Chaim 1912-1978 |a Āmerî, Žan̂ 1912-1978 |a Rang Ai mo li 1912-1978 |a Mayer, Hans 1912-1978 |a Maier, Hanns 1912-1978 |a Amerī, Jian 1912-1978 |a Améry, Jean 1912-1978 |a Mayster, Jean-Paul 1912-1978 |a Rang-Aimoli 1912-1978 |a Aimoli, Rang 1912-1978 |a Lippens, Roger 1912-1978 | ||
| 245 | 1 | 0 | |a Werke |n 3 |p Über das Altern : Revolte und Resignation |c Jean Améry. Hrsg. von Irene Heidelberger-Leonard |
| 249 | |a Hand an sich legen : Diskurs über den Freitod |b Jean Améry. Hrsg. von Monique Boussart | ||
| 264 | 1 | |a Stuttgart |b Klett-Cotta |c 2005 | |
| 300 | |a 537 S. | ||
| 336 | |a Text |b txt |2 rdacontent | ||
| 337 | |a ohne Hilfsmittel zu benutzen |b n |2 rdamedia | ||
| 338 | |a Band |b nc |2 rdacarrier | ||
| 583 | 1 | |a Archivierung/Langzeitarchivierung gewährleistet |f PEBW |x XA-DE-BW |2 pdager |5 DE-24 | |
| 583 | 1 | |a Archivierung/Langzeitarchivierung gewährleistet |f SSG |x XA-DE-BW |2 pdager |5 DE-21 | |
| 700 | 1 | |a Boussart, Monique |0 (DE-627)1233543539 |0 (DE-576)163543534 |4 oth | |
| 773 | 1 | 8 | |a Werke |w (DE-627)1169318592 |w (DE-576)099318598 |g 3 |q 3 |7 nnam |
| 856 | 4 | 2 | |u https://swbplus.bsz-bw.de/bsz116929510cov.jpg |m V:DE-576 |v 2005-04-26 |3 Cover |7 1 |
| 935 | |a mkri | ||
| 935 | |i sf | ||
| 935 | |i SLoT | ||
| 936 | r | v | |a GN 2693 |b Primärliteratur |k Germanistik. Niederlandistik. Skandinavistik |k Deutsche Literatur |k Moderne II: 1946 - 1990 |k Literaturgeschichte |k Einzelne Autoren |k Autoren A |k Améry, Jean |k Primärliteratur |0 (DE-627)127090678X |0 (DE-625)rvk/42506:11633 |0 (DE-576)20090678X |
| 951 | |a MV | ||
| ELC | |b 1 | ||
| LOK | |0 000 xxxxxcx a22 zn 4500 | ||
| LOK | |0 001 2535494361 | ||
| LOK | |0 003 DE-627 | ||
| LOK | |0 004 1186929510 | ||
| LOK | |0 005 20070612074625 | ||
| LOK | |0 008 070612||||||||||||||||ger||||||| | ||
| LOK | |0 040 |a DE-21 |c DE-627 |d DE-21 | ||
| LOK | |0 852 |a DE-21 | ||
| LOK | |0 852 1 |c 47 A 4187-3 |9 00 | ||
| LOK | |0 939 |a 12-06-07 |b l01 | ||
| LOK | |0 000 xxxxxcx a22 zn 4500 | ||
| LOK | |0 001 2453839276 | ||
| LOK | |0 003 DE-627 | ||
| LOK | |0 004 1186929510 | ||
| LOK | |0 005 20060328121429 | ||
| LOK | |0 008 050524||||||||||||||||ger||||||| | ||
| LOK | |0 040 |a DE-Frei85 |c DE-627 |d DE-Frei85 | ||
| LOK | |0 852 |a DE-Frei85 | ||
| LOK | |0 852 1 |m p |9 00 | ||
| LOK | |0 938 |k p | ||
| LOK | |0 939 |a 24-05-05 |b l01 | ||
| ORI | |a SA-MARC-krimdoka001.raw | ||
| SIG | |a UB: 47 A 4187-3 | ||
